Cơ học ứng dụng T.2
Các khái niệm cơ học vật rắn biến dạng, nhiệm cụ và đối tượng nghiên cứu. Khái niệm trạng thái ứng xuất, kéo, cắt, rập..
保存先:
| 第一著者: | |
|---|---|
| フォーマット: | 図書 |
| 言語: | Vietnamese |
| 出版事項: |
H.
Đại học Sư phạm
2004
|
| 主題: | |
| タグ: |
タグ追加
タグなし, このレコードへの初めてのタグを付けませんか!
|
| Thư viện lưu trữ: | Mạng thư viện Đại học Đà Nẵng |
|---|
| LEADER | 01380nam a22003858a 4500 | ||
|---|---|---|---|
| 001 | 000019749 | ||
| 003 | 16190 | ||
| 005 | 20141103141146.0 | ||
| 008 | 140820s2004 b 000 0 vieod | ||
| 020 | |c 25000đ |d 1000b | ||
| 041 | 0 | |a vie | |
| 080 | |a 531.5(075.3) | ||
| 082 | 1 | 4 | |a 531 |b ĐO-H |
| 084 | |a C234z73 |b C460H | ||
| 100 | 1 | |a Đoàn Xuân Huệ | |
| 245 | 1 | 0 | |a Cơ học ứng dụng |c Đoàn Xuân Huệ |n T.2 |
| 260 | |a H. |b Đại học Sư phạm |c 2004 | ||
| 300 | |a 246 tr. : hình vẽ |c 21cm. | ||
| 505 | |a T.2 | ||
| 520 | |a Các khái niệm cơ học vật rắn biến dạng, nhiệm cụ và đối tượng nghiên cứu. Khái niệm trạng thái ứng xuất, kéo, cắt, rập.. | ||
| 650 | 0 | 4 | |a Cơ học ứng dụng |v Giáo trình |
| 653 | |a Vật lí | ||
| 653 | |a Vật rắn | ||
| 653 | |a Cơ học ứng dụng | ||
| 773 | |d Đại học Sư phạm |d H. |d 2003 |t Cơ học ứng dụng |w 16188 | ||
| OWN | |a LSP | ||
| AVA | |a UDN50 |b LSP |d 531 ĐO-H |e check_holdings |t Error 5003 Not defined in file expand_doc_bib_avail. |h N |k 1 | ||
| 999 | |a From the UDN01 | ||
| AVA | |a UDN50 |b LSP |d 531 ĐO-H |e available |t Error 5001 Not defined in file expand_doc_bib_avail. |f 20 |g 0 |h N |i 0 |k 1 | ||
| TYP | |a Monograph | ||
| TYP | |a Printed language | ||
| 980 | |a Mạng thư viện Đại học Đà Nẵng | ||